[Básne]

Bibliographic Details
Main Author: Hájek, Branislav, 1976- (Author)
Format: Article
Language:Slovak
PhysicalDescription:Fotogr.
ISSN:1335-7786
Subjects:

MARC

LEADER 00000nab a2200000 a 4500
001 vtls010459033
003 SK-MaSNL
005 20260304155430.0
008 250507 2011 xo 000 0 slo
015 |a SNBRB2012/07 
035 |a (uuid)c12230a2-3ba0-487e-a77e-d3c4493d6d02 
035 |a urn:nbn:sk:snk-abev5p 
035 |a (urnnbn)urn:nbn:sk:snk:ar-000cd2 
038 |a SNKBUCL 
040 |a SNKBUCL  |b slo  |c SNKBUCL  |e AACR2 
041 0 |a slo 
044 |a xo  |c SK 
080 |a 821.162.4-1  |2 2001 
100 1 |a Hájek, Branislav,  |d 1976-  |4 aut  |9 112734 
245 1 0 |a [Básne]  |c Branislav Hájek 
300 |b Fotogr. 
500 |a Blok obsahuje 8 básní 
655 7 |a slovenská poézia  |2 snkbucl  |9 70444 
740 0 2 |a V štrajku 
740 0 2 |a Časom(iera) 
740 0 2 |a Prebudenie 
740 0 2 |a Na kríži 
740 0 2 |a Ružami 
740 0 2 |a Láskanie 
740 0 2 |a Pre(hry) 
740 0 2 |a Pred spánkom 
773 0 |t Slovenské pohľady  |g Roč. IV.+127, č. 6 (2011), s. 17-21  |x 1335-7786 
850 |a Slovenská národná knižnica 
852 |a Slovenská národná knižnica 
958 |a article27 
958 |a LX 
958 |a OND 
958 |a EUIPO 
999 |c 2962313  |d 2964243